00942 2200289 4500001002100000005001500021035002000036090001100056020002200067100003200089650001800121245013900139264001200278008004100290082001100331084002000342250002600362260004600388260005000434300003000484700002800514700002200542504003600564990001800600990001800618990001600636INLIS00000000001269720240918020011 a0010-0619012697 81.1612 a978-623-89035-7-30 aSuwardi Endraswaraepenulis 4aFilsafat Jawa1 aFalsafah hidup jawa :bmenggali mutiara kebijakan dari intisari filsafat kejawen /cSuwardi Endraswara; penyunting, Arif Rahmat, Galuh akrawala240918 g | ind  a181.16 aSR 181.16 SUW f aCetakan Ketujuh, 2024 aSleman :bCakrawala Sketsa Mandiri,c2024 aYogyakarta :bCakrawala Sketsa Mandiri,c2010 axii, 304 halaman ;c21 cm0 aArif Rahmatepenyunting0 aGaluhepenyunting aBibliogarfi : halaman 298 - 301 a017080.031340 a017080.031429 a55053.67873